ब्लड प्रेशर की सरल चिकित्सा (Record no. 15183)

MARC details
000 -LEADER
fixed length control field 01685nam a22002897a 4500
005 - DATE AND TIME OF LATEST TRANSACTION
control field 20080828121646.0
008 - FIXED-LENGTH DATA ELEMENTS--GENERAL INFORMATION
fixed length control field 080828t xxu||||| |||| 00| 0 hin d
010 ## - LIBRARY OF CONGRESS CONTROL NUMBER
LC control number HIN-84109
020 ## - INTERNATIONAL STANDARD BOOK NUMBER
Terms of availability 30.00
035 ## - SYSTEM CONTROL NUMBER
System control number HN-56455
037 ## - SOURCE OF ACQUISITION
Stock number DBAD / PUB
040 ## - CATALOGING SOURCE
Original cataloging agency DPL
Language of cataloging HN
082 ## - DEWEY DECIMAL CLASSIFICATION NUMBER
Classification number 616.13206
100 ## - MAIN ENTRY--PERSONAL NAME
Personal name सक्सेना, ओमप्रकाश
245 ## - TITLE STATEMENT
Title ब्लड प्रेशर की सरल चिकित्सा
Statement of responsibility, etc ओमप्रकाश सक्सेना
246 ## - VARYING FORM OF TITLE
Title proper/short title Blood pressure kii sarala chikitsa
Remainder of title by Om Prakash
260 ## - PUBLICATION, DISTRIBUTION, ETC. (IMPRINT)
Place of publication, distribution, etc दिल्ली
Name of publisher, distributor, etc राजश्री प्रकाशन
Date of publication, distribution, etc 2005
270 ## - ADDRESS
Address 330/1, मेन रोड, बुराड़ी
City दिल्ली
Postal code 110084
Telephone number 27611410, 27611038, 27612036
Fax number 27611227
Electronic mail address rajam@nda.vsnl.net.in
300 ## - PHYSICAL DESCRIPTION
Extent 163पृ
Dimensions 18सेमी (अजिल्द)
500 ## - GENERAL NOTE
General note हाई व लो ब्लड प्रेशर (उच्च व निम्न) होने के कारण, लक्षण, सावधानियां तथा अनेकों चिकित्सा पद्धतियों द्वारा सफल उपचार
650 ## - SUBJECT ADDED ENTRY--TOPICAL TERM
Topical term or geographic name as entry element उच्च रक्तचाप
General subdivision उपचार
650 ## - SUBJECT ADDED ENTRY--TOPICAL TERM
Topical term or geographic name as entry element Hypertension
General subdivision Treatment
650 ## - SUBJECT ADDED ENTRY--TOPICAL TERM
Topical term or geographic name as entry element निम्न रक्तचाप
General subdivision उपचार
650 ## - SUBJECT ADDED ENTRY--TOPICAL TERM
Topical term or geographic name as entry element Low blood pressure
General subdivision Treatment
942 ## - ADDED ENTRY ELEMENTS (KOHA)
Source of classification or shelving scheme Dewey Decimal Classification
Koha item type Hindi Books
Call number suffix सक्सेना
Classification part 616.13206
Holdings
Withdrawn status Lost status Damaged status Not for loan Collection code Home library Current library Date acquired Source of acquisition Cost, normal purchase price Total Checkouts Full call number Barcode Date last seen Copy number Cost, replacement price Price effective from Koha item type
      Not For Loan Non-fiction D.B.Act.Division D.B.Act.Division 28/08/2008 DBAD / PUB 30.00   616.13206 सक्सेना HN-56455 15/09/2008 1 30.00 15/09/2008 Hindi Books

© Delhi Public Library
Hit Counter
free hit counter